Biblioteca

A translator's handbook on the book of Amos (Registro nro. 64579)

Detalles MARC
000 -LÍDER
Campo fijo de descripción fija 01234nam a22003614i 4500
001 - NÚMERO DE CONTROL
Campo de control 3727815
003 - IDENTIFICADOR DEL NÚMERO DE CONTROL
Campo de control CO-MdFUSB
005 - FECHA Y HORA DE LA ULTIMA TRANSACCIÓN
control field 20181001120759.0
008 - ELEMENTOS DE LONGITUD FIJA -- INFORMACIÓN GENERAL
Campo fijo de descripción fija -- Información general 800828s1979 gw b 001 0 eng
010 ## - NÚMERO DE CONTROL DE LA BIBLIOTECA DEL CONGRESO
Número de control LC 80490970
040 ## - FUENTE DE CATALOGACIÓN
Agencia de catalogación original DLC
Agencia que realiza la modificación DLC
Idioma de catalogación spa
Agencia que realiza la transcripción CO-MdFUSB
Convenciones de la descripción rda
041 ## - CÓDIGO DE IDIOMA
Código de idioma para texto/pista de sonido o título separado eng
082 00 - NÚMERO DE CLASIFICACIÓN DECIMAL DEWEY
Número de clasificación 224.807
Número de la edición del Dewey 23
Clave de autor-Numero de item W111
100 1# - ASIENTO PRINCIPAL--NOMBRE PERSONAL
Nombre personal Waard, Jan de.
Término relacionador autor
245 #2 - TÍTULO
Título del Material A translator's handbook on the book of Amos
Mención de responsabilidad, etc. / Jan de Waard y William A. Smalley
264 #1 - PRODUCCIÓN, PUBLICACIÓN, DISTRIBUCIÓN, MANUFACTURA, Y COPYRIGHT
Lugar de producción, publicación, distribución, manufactura Broadway, USA :
Nombre del productor, publicador, distribuidor United Bible Societies,
Fecha de producción, publicación, distribución, manufactura, o copyright ℗[1979]
264 #4 - PRODUCCIÓN, PUBLICACIÓN, DISTRIBUCIÓN, MANUFACTURA, Y COPYRIGHT
Fecha de producción, publicación, distribución, manufactura, o copyright ©1979
300 ## - DESCRIPCIÓN FÍSICA
Extensión viii, 274 páginas ;
Dimensiones 24 cm.
336 ## - TIPO DE CONTENIDO
Fuente rdacontent
Término de tipo de contenido texto
Código de tipo de contenido txt
337 ## - TIPO DE MEDIO
Fuente rdamedia
Nombre del tipo de medio sin mediación
Código del tipo de medio n
338 ## - TIPO DE SOPORTE
Fuente rdacarrier
Nombre del tipo de soporte volumen
Código Tipo de soporte nc
490 ## - MENCIÓN DE SERIE
Mención de serie Helps for translators series
504 ## - NOTA DE BIBLIOGRAFÍA, ETC.
Nota de bibliografía, etc Incluye apéndice (página 189)<br/>Incluye notas (página 215)<br/>Incluye glosario (página 266)<br/>Incluye indice (página 271)
505 ## - NOTA DE CONTENIDO
Nota de contenido con formato preestablecido Traducción citada -- Traduciendo Amós -- El texto en Amós
563 ## - NOTA DE ENCUADERNACIÓN
Nota de encuadernación Tapa rústica
630 07 - TITULO UNIFORME
Título uniforme Biblia.
Nombre de parte o sección de la obra Amos
700 1# - ASIENTO SECUNDARIO - NOMBRE PERSONAL
Nombre personal Smalley, William Allen,
Responsabilidad autor
906 ## - LOCAL DATA ELEMENT F, LDF (RLIN)
a 7
b cbc
c orignew
d 4
e ncip
f 19
g y-gencatlg
942 ## - TIPO DE MATERIAL (KOHA)
Tipo de Item KOHA Libros General
Existencias
Estado de Material Estado de Perdido Forma de Clasificación Estado de Dañado No para Préstamo Biblioteca de Origen Biblioteca Permanente Fecha de Adquisición Total de Préstamos Signatura Topográfica Código de Barras Última vez visto Ejemplar/Existencia Fecha de Remplazo Tipo de Material
    Dewey Decimal Classification     Biblioteca FUSBC Biblioteca FUSBC 28/09/2018   G 224.807 W111t 1073 12/12/2019 Ej. 1 28/09/2018 Libros General

Biblioteca FUSBC | Teléfono: (57+4) 349 88 10 Ext. 141| WhatsApp (+57) 3005338115 
E-mail: biblioteca@unisbc.edu.co | Calle 76 87-14 Robledo Palenque, Medellín, Colombia

Con tecnología Koha